Teaching geography / (Record no. 37253)
[ view plain ]
| 000 -LEADER | |
|---|---|
| fixed length control field | 00792nam a2200277 a 4500 |
| 001 - CONTROL NUMBER | |
| control field | 37253 |
| 003 - CONTROL NUMBER IDENTIFIER | |
| rucl marc code | BD-RjUL |
| 005 - DATE AND TIME OF LATEST TRANSACTION | |
| control field | 20211209052607.0 |
| 008 - FIXED-LENGTH DATA ELEMENTS--GENERAL INFORMATION | |
| fixed length control field | 751029s1974 enkabf b 001 0 eng |
| 020 ## - INTERNATIONAL STANDARD BOOK NUMBER | |
| International Standard Book Number | 0715368605 : |
| 035 ## - SYSTEM CONTROL NUMBER | |
| System control number | (BD-RjUL)37355 |
| 040 ## - CATALOGING SOURCE | |
| Original cataloging agency | DLC |
| Transcribing agency | DLC |
| Modifying agency | DLC |
| -- | BD-RjUL |
| Language of cataloging | eng |
| 041 ## - LANGUAGE CODE | |
| Language code of text/sound track or separate title | eng |
| 082 00 - DEWEY DECIMAL CLASSIFICATION NUMBER | |
| Classification number | 910.712 |
| Author mark and year | BAT 1974 |
| 100 1# - MAIN ENTRY--PERSONAL NAME | |
| Personal name | Bailey, Patrick. |
| 9 (RLIN) | 114115 |
| 245 10 - TITLE STATEMENT | |
| Title | Teaching geography / |
| Statement of responsibility, etc. | Patrick Bailey. |
| 260 ## - PUBLICATION, DISTRIBUTION, ETC. (IMPRINT) | |
| Place of publication, distribution, etc. | Newton Abbot : |
| Name of publisher, distributor, etc. | David and Charles, |
| Date of publication, distribution, etc. | 1974. |
| 300 ## - PHYSICAL DESCRIPTION | |
| Pagination | 267 p., 8 p. of plates : |
| Illustrations | ill., maps ; |
| Size | 22 cm. |
| 490 0# - SERIES STATEMENT | |
| Series statement | Teaching series |
| 500 ## - GENERAL NOTE | |
| General note | Includes index. |
| 504 ## - BIBLIOGRAPHY, ETC. NOTE | |
| Bibliography, etc | Bibliography: p. 235-260. |
| 650 #0 - SUBJECT ADDED ENTRY--TOPICAL TERM | |
| Topical term or geographic name as entry element | Geography |
| General subdivision | Study and teaching. |
| 9 (RLIN) | 114116 |
| 942 ## - ADDED ENTRY ELEMENTS (KOHA) | |
| Source of classification or shelving scheme | Dewey Decimal Classification |
| Koha item type | Books |
| Lost status | Source of classification or shelving scheme | Damaged status | Not for loan | Collection code | Permanent Location | Current Location | Shelving location | Date acquired | Source of acquisition | Total Checkouts | Full call number | Date last seen | Copy number | Koha item type |
|---|---|---|---|---|---|---|---|---|---|---|---|---|---|---|
| Dewey Decimal Classification | Not For Loan | Non-fiction | Institute of Biological Sciences (IBSc) Library | Institute of Biological Sciences (IBSc) Library | 17/11/2014 | British Council | 910.712 BAT 1974 | 17/11/2014 | C-1 | Books |